<?xml version="1.0" encoding="UTF-8"?><?xml-stylesheet type="text/xsl" href="static/style.xsl"?><OAI-PMH xmlns="http://www.openarchives.org/OAI/2.0/" xmlns:xsi="http://www.w3.org/2001/XMLSchema-instance" xsi:schemaLocation="http://www.openarchives.org/OAI/2.0/ http://www.openarchives.org/OAI/2.0/OAI-PMH.xsd"><responseDate>2026-04-13T04:58:50Z</responseDate><request verb="GetRecord" identifier="oai:www.recercat.cat:10230/60907" metadataPrefix="marc">https://recercat.cat/oai/request</request><GetRecord><record><header><identifier>oai:recercat.cat:10230/60907</identifier><datestamp>2025-12-20T16:57:02Z</datestamp><setSpec>com_2072_6</setSpec><setSpec>col_2072_452952</setSpec></header><metadata><record xmlns="http://www.loc.gov/MARC21/slim" xmlns:dcterms="http://purl.org/dc/terms/" xmlns:xsi="http://www.w3.org/2001/XMLSchema-instance" xmlns:doc="http://www.lyncode.com/xoai" xsi:schemaLocation="http://www.loc.gov/MARC21/slim http://www.loc.gov/standards/marcxml/schema/MARC21slim.xsd">
   <leader>00925njm 22002777a 4500</leader>
   <datafield ind2=" " ind1=" " tag="042">
      <subfield code="a">dc</subfield>
   </datafield>
   <datafield ind2=" " ind1=" " tag="720">
      <subfield code="a">Sevilla, Yamila</subfield>
      <subfield code="e">author</subfield>
   </datafield>
   <datafield ind2=" " ind1=" " tag="720">
      <subfield code="a">Shalóm, Diego E.</subfield>
      <subfield code="e">author</subfield>
   </datafield>
   <datafield ind2=" " ind1=" " tag="720">
      <subfield code="a">Runnqvist, Elin</subfield>
      <subfield code="e">author</subfield>
   </datafield>
   <datafield ind2=" " ind1=" " tag="720">
      <subfield code="a">Costa, Albert, 1970-</subfield>
      <subfield code="e">author</subfield>
   </datafield>
   <datafield ind2=" " ind1=" " tag="260">
      <subfield code="c">2024-08-26T06:36:58Z</subfield>
   </datafield>
   <datafield ind2=" " ind1=" " tag="260">
      <subfield code="c">2024-08-26T06:36:58Z</subfield>
   </datafield>
   <datafield ind2=" " ind1=" " tag="260">
      <subfield code="c">2020</subfield>
   </datafield>
   <datafield ind2=" " ind1=" " tag="520">
      <subfield code="a">L&amp;apos;article (Cumulative semantic inhibition in Spanish verb production) també està disponible en anglès.</subfield>
   </datafield>
   <datafield ind2=" " ind1=" " tag="520">
      <subfield code="a">Este artículo presenta un experimento diseñado para evaluar la ocurrencia de interferencia léxica en la producción de verbos en español. Usando el paradigma de los competidores semánticos (HOWARD et al., 2006), mostramos que cuanto mayor es el número de verbos de la misma categoría producidos, más tiempo lleva recuperar otro verbo de la misma categoría en una tarea de denominación de imágenes. Según nuestros datos, la producción de un verbo relacionado retrasa la denominación de un nuevo miembro de la categoría en 20 ms, lo que significa que, como es el caso para los sustantivos, los verbos relacionados semánticamente compiten por la selección. Estos resultados respaldan la propuesta de que, independientemente de sus diferencias con respecto a la representación y organización semántica, la selección de verbos y sustantivos se rige por los mismos principios. Metodológicamente, nuestros hallazgos confirman que el paradigma es altamente sensible a los efectos de proximidad semántica, en términos de categorías o rasgos. A la luz de estos hallazgos, discutimos las razones por las cuales los estudios previos que exploraron los efectos de la relación semántica en la producción de verbos, la mayoría de ellos utilizando el paradigma de interferencia entre palabras y dibujos, han llevado a resultados no concluyentes y a veces contradictorios.</subfield>
   </datafield>
   <datafield ind2=" " ind1=" " tag="520">
      <subfield code="a">Esta investigación fue financiada por los siguientes fondos: del Gobierno de España (SEJ 2005/SEJ2005-01223/CONSOLIDER-INGENIO), PSIC y PSI2008-00464/PSIC, y del proyecto UBACyT F436, de la Universidad de Buenos Aires. Yamila Sevilla y Diego E. Shalóm son financiados por el Consejo Nacional de Investigaciones Científicas y Técnicas de Argentina. Elin Runnqvist contó con una beca del Gobierno Catalán (FI).</subfield>
   </datafield>
   <datafield tag="653" ind2=" " ind1=" ">
      <subfield code="a">Inhibición semántica</subfield>
   </datafield>
   <datafield tag="653" ind2=" " ind1=" ">
      <subfield code="a">Producción de palabras habladas</subfield>
   </datafield>
   <datafield tag="653" ind2=" " ind1=" ">
      <subfield code="a">Verbos</subfield>
   </datafield>
   <datafield tag="653" ind2=" " ind1=" ">
      <subfield code="a">Denominación de imágenes</subfield>
   </datafield>
   <datafield tag="653" ind2=" " ind1=" ">
      <subfield code="a">Interferencia léxica</subfield>
   </datafield>
   <datafield ind2="0" ind1="0" tag="245">
      <subfield code="a">Inhibición semántica acumulativa en la producción de verbos en español</subfield>
   </datafield>
</record></metadata></record></GetRecord></OAI-PMH>